|
|
|
|
| LEADER |
01613nam a2200397 i 4500 |
| 001 |
mzk03001254922 |
| 003 |
CZ BrMZK |
| 005 |
20190206094041.0 |
| 007 |
ta |
| 008 |
181009s1845 gw fr|||||00| ||gerod |
| 040 |
|
|
|a BOA001
|b cze
|e rda
|
| 072 |
|
7 |
|a 2
|x Náboženství
|2 Konspekt
|9 5
|
| 072 |
|
7 |
|a 094.5
|x Tisky (19. století)
|2 Konspekt
|
| 080 |
|
|
|a 21/29-1/-9
|2 MRF
|
| 080 |
|
|
|a 025.171
|2 MRF
|
| 100 |
1 |
|
|a Ronge, Johannes,
|d 1813-1887
|7 jx20091015009
|4 aut
|
| 245 |
1 |
0 |
|a An meine Glaubensgenossen und Mitbürger /
|c Von Johannes Ronge
|
| 264 |
|
1 |
|a Altenburg :
|b Schnuphase'sche Buchhandlung,
|c 1845
|
| 300 |
|
|
|a 15 stran, 1 nečíslovaná strana ;
|c 8°
|
| 336 |
|
|
|a text
|b txt
|2 rdacontent
|
| 337 |
|
|
|a bez média
|b n
|2 rdamedia
|
| 338 |
|
|
|a svazek
|b nc
|2 rdacarrier
|
| 500 |
|
|
|a Výzdoba: Na titulním listě linky, iniciály, linky
|
| 500 |
|
|
|a Rozsah: 14, [1] s.
|
| 500 |
|
|
|a Na titulním listě poznámka: Preis 21/2 Ngr.
|
| 501 |
|
|
|a Přívazek k: Johannes Ronge, der Kämpfer für Licht und Wahrheit im neunzehnten Jahrhundert. Biographische Mittheilungen von dessen Studienzeit bis zur Gegenwart. Der Wahrheit getreu seinen vilen Freuden und Anhängern von einem ehemaligen komilitonen
|
| 650 |
|
7 |
|a náboženství
|7 ph115485
|2 czenas
|
| 650 |
|
7 |
|a historické knihovní fondy
|7 ph172933
|2 czenas
|
| 655 |
|
4 |
|a tisky 19. století
|
| 910 |
|
|
|a NAG950
|b B - XIX. C. bb. 58,1,přív.2
|
| 978 |
|
|
|b Schnuphase - dílna
|a Altenburg
|c 1845
|
| 984 |
|
|
|a Altenburg
|b Německo
|
| 985 |
|
|
|a 1801-1850
|
| 990 |
|
|
|a BK
|
| 991 |
|
|
|k broumov
|
| 994 |
|
|
|a UP
|l MZK03
|b 001254854
|m přívazek 2
|n záznam 1. dílu
|